000 00767nam a2200217 a 4500
001 BRL_757
005 20190320210900.0
008 021013s1976----mx-a######---#000-0#spa-#
041 _aspa
044 _amx
084 _aR751.U54
_b.A53 1976
100 1 _aAlcocer Andalón, Alberto
_d1932-1987
_924850
245 1 0 _aHistoria de la Escuela de Medicina de la Universidad Autónoma de San Luis Potosi, S.L.P. (mexico), 1877-1977
_cAlberto Alcocer Andalón.
260 _aSan Luis Potosí
_bACONCAGUA
_c1976
300 _a109 p.
_bil.
_c23 cm.
440 0 _aBiblioteca de Historia Potosina. Serie Estudios
_v16
_924851
500 _aAu836
610 2 4 _aUniversidad Autoìnoma de San Luis Potosiì
_bEscuela de Medicina
_xHistoria
_924852
902 _aGRL
942 _2lcc
_cB
999 _c9569
_d9569